[Event "Turkish Cup 2022"]
[Site "Sakarya"]
[Date "2022.03.31"]
[Round "10.2"]
[White "Yaran, Siar"]
[Black "Samani, Yamac"]
[Result "1-0"]
[WhiteElo "2272"]
[BlackElo "2257"]
[Annotator "NA"]
[PlyCount "133"]
[EventDate "2022.03.25"]
[EventType "swiss"]
[EventCountry "TUR"]
[SourceTitle "playchess.com"]
[Source "ChessBase"]
[SourceQuality "1"]
[TimeControl "5400+30"]

1. c4 {[%emt 0:01:00]} e5 {[%emt 0:01:00]} 2. Nc3 {[%emt 0:00:30]} Nf6 {[%emt 0:00:30]} 3. g3 {[%emt 0:00:30]} Bb4 {[%emt 0:00:30]} 4. Bg2 {[%emt 0:00:30]} O-O {[%emt 0:00:30]} 5. Nf3 {[%emt 0:00:30]} Re8 {[%emt 0:00:30]} 6. O-O {[%emt 0:00:30]} Bxc3 {[%emt 0:00:30]} 7. dxc3 {[%emt 0:00:30]} d6 {[%emt 0:03:30]} 8. Ne1 {[%emt 0:11:30]} a5 {[%emt 0:00:30]} 9. Nc2 {[%emt 0:01:30]} Nbd7 {[%emt 0:02:30]} 10. Ne3 {[%emt 0:01:30]} a4 {[%emt 0:07:30]} 11. Qc2 {[%emt 0:07:30]} Nc5 {[%emt 0:01:30]} 12. Rb1 {[%emt 0:04:30]} e4 {[%emt 0:20:30]} 13. b4 {[%emt 0:05:30]} axb3 {[%emt 0:00:30]} 14. axb3 {[%emt 0:03:30]} Qe7 {[%emt 0:07:30]} 15. Rd1 {[%emt 0:08:30]} Bd7 {[%emt 0:02:30]} 16. Nd5 {[%emt 0:07:30]} Nxd5 {[%emt 0:00:30]} 17. cxd5 {[%emt 0:00:30]} Bf5 {[%emt 0:06:30]} 18. Be3 {[%emt 0:00:30]} b6 {[%emt 0:04:30]} 19. c4 {[%emt 0:15:30]} h5 {[%emt 0:04:30]} 20. h3 {[%emt 0:01:30]} Nd7 {[%emt 0:06:30]} 21. Qc3 {[%emt 0:03:30]} Ra2 {[%emt 0:04:30]} 22. Ra1 {[%emt 0:06:09]} Rea8 {[%emt 0:04:46]} 23. Rxa2 {[%emt 0:00:24]} Rxa2 {[%emt 0:00:14]} 24. Ra1 {[%emt 0:00:11]} Rxa1+ {[%emt 0:00:30]} 25. Qxa1 {[%emt 0:00:08]} Kh7 {[%emt 0:03:25]} 26. Qa7 {[%emt 0:00:54]} Qd8 {[%emt 0:00:25]} 27. Bd4 {[%emt 0:01:10]} f6 {[%emt 0:02:45]} 28. Qa1 {[%emt 0:02:01]} Bg6 {[%emt 0:01:33]} 29. Qc1 {[%emt 0:01:29]} Nc5 {[%emt 0:01:37]} 30. Qe3 {[%emt 0:00:42]} Qe8 {[%emt 0:00:18]} 31. Kh2 {[%emt 0:01:14]} Kg8 {[%emt 0:01:16]} 32. g4 {[%emt 0:00:33]} hxg4 {[%emt 0:01:00]} 33. hxg4 {[%emt 0:00:05]} Kf7 {[%emt 0:02:14]} 34. Kg3 {[%emt 0:00:33]} Bh7 {[%emt 0:02:18]} 35. g5 {[%emt 0:03:44]} Bf5 {[%emt 0:02:28]} 36. Qf4 {[%emt 0:04:08]} Kg6 {[%emt 0:02:12]} 37. gxf6 {[%emt 0:03:20]} gxf6 {[%emt 0:00:30]} 38. Bh3 {[%emt 0:01:20]} Qd7 {[%emt 0:00:24]} 39. Qh4 {[%emt 0:03:07]} Bxh3 {[%emt 0:01:12]} 40. Qxf6+ {[%emt 0:00:04]} Kh7 {[%emt 0:00:39]} 41. Qh8+ {[%emt 0:00:30]} Kg6 {[%emt 0:00:30]} 42. Qg8+ {[%emt 0:00:24]} Kh5 {[%emt 0:00:16]} 43. Qh8+ {[%emt 0:00:33]} Kg6 {[%emt 0:00:20]} 44. Qf6+ {[%emt 0:00:04]} Kh7 {[%emt 0:01:43]} 45. Qh4+ {[%emt 0:00:04]} Kg6 {[%emt 0:00:42]} 46. Bxc5 {[%emt 0:00:41]} Bf1 {[%emt 0:01:38]} 47. Qxe4+ {[%emt 0:02:22]} Qf5 {[%emt 0:01:06]} 48. Qxf5+ {[%emt 0:00:51]} Kxf5 {[%emt 0:00:30]} 49. Bxd6 {[%emt 0:00:26]} cxd6 {[%emt 0:00:11]} 50. Kf3 {[%emt 0:00:12]} Ke5 {[%emt 0:00:31]} 51. Ke3 {[%emt 0:00:07]} Bg2 {[%emt 0:01:08]} 52. f3 {[%emt 0:00:54]} Bh3 {[%emt 0:00:28]} 53. b4 {[%emt 0:00:43]} Bf5 {[%emt 0:00:58]} 54. f4+ {[%emt 0:00:30]} Kf6 {[%emt 0:00:30]} 55. Kd4 {[%emt 0:00:00]} Bb1 {[%emt 0:00:02]} 56. e4 {[%emt 0:00:10]} Ke7 {[%emt 0:00:01]} 57. e5 {[%emt 0:00:16]} dxe5+ {[%emt 0:00:30]} 58. fxe5 {[%emt 0:00:30]} Bf5 {[%emt 0:00:06]} 59. c5 {[%emt 0:01:36]} bxc5+ {[%emt 0:00:30]} 60. bxc5 {[%emt 0:00:07]} Bh3 {[%emt 0:00:00]} 61. c6 {[%emt 0:00:25]} Bg4 {[%emt 0:01:07]} 62. Kc5 {[%emt 0:00:30]} Bh3 {[%emt 0:00:00]} 63. Kb6 {[%emt 0:00:13]} Kd8 {[%emt 0:00:09]} 64. Kb7 {[%emt 0:00:28]} Bc8+ {[%emt 0:00:49]} 65. Kb8 {[%emt 0:00:30]} Ba6 {[%emt 0:00:00]} 66. e6 {[%emt 0:00:26]} Ke7 {[%emt 0:00:05]} 67. c7 {[%emt 0:00:19]} 1-0

[Event "Turkish Cup 2022"]
[Site "Sakarya"]
[Date "2022.03.31"]
[Round "10.3"]
[White "Huseyinoglu, Alihan"]
[Black "Koksal, Ege"]
[Result "0-1"]
[WhiteElo "2312"]
[BlackElo "2343"]
[Annotator "NA"]
[PlyCount "142"]
[EventDate "2022.03.25"]
[EventType "swiss"]
[EventCountry "TUR"]
[SourceTitle "playchess.com"]
[Source "ChessBase"]
[SourceQuality "1"]

1. c4 d6 2. d4 e5 3. Nc3 exd4 4. Qxd4 Nc6 5. Qd2 Nf6 6. b3 a5 7. Bb2 a4 8. Rd1 axb3 9. axb3 g6 10. Nd5 Bg7 11. Qg5 Nh5 12. Qe3+ Be6 13. Bxg7 Nxg7 14. Qc3 O-O 15. Nf6+ Kh8 16. Nf3 Ne5 17. Nd5 Nxf3+ 18. gxf3 Bxd5 19. cxd5 Kg8 20. Bg2 Nf5 21. O-O Ra2 22. Rd2 Rxd2 23. Qxd2 Qf6 24. Rc1 Re8 25. Rxc7 Nd4 26. e3 Nxf3+ 27. Bxf3 Qxf3 28. Qd4 h5 29. h4 Ra8 30. Rc2 Kh7 31. Kh2 Qf5 32. Rd2 Rc8 33. Qd3 Qg4 34. Qd4 Qf3 35. Qb2 Qf5 36. Qa1 Re8 37. Qb2 Re4 38. Rd4 Rxd4 39. Qxd4 Qxf2+ 40. Kh3 Qf5+ 41. Kg3 Kg8 42. Qc4 Kg7 43. b4 Kf6 44. b5 Ke7 45. b6 Qd7 46. Qe4+ Kf8 47. Qf4 Qe7 48. Kf3 Qe5 49. Qc4 Qf5+ 50. Kg3 Kg7 51. e4 Qg4+ 52. Kf2 Qxh4+ 53. Kf1 Qf6+ 54. Ke1 Qa1+ 55. Ke2 Qb2+ 56. Kf3 Qxb6 57. Qc3+ f6 58. Qc8 Qb3+ 59. Kf2 Qb2+ 60. Kf3 Qe5 61. Qxb7+ Kh6 62. Qc8 f5 63. Qf8+ Kg5 64. Qd8+ Qf6 65. Qa5 fxe4+ 66. Kxe4 Qf4+ 67. Kd3 h4 68. Ke2 h3 69. Qd8+ Qf6 70. Qc8 Qe5+ 71. Kf2 Qf5+ 0-1

[Event "Turkish Cup 2022"]
[Site "Sakarya"]
[Date "2022.03.31"]
[Round "10.5"]
[White "Ozsakallioglu, Okan"]
[Black "Eren, Ataberk"]
[Result "1-0"]
[WhiteElo "2270"]
[BlackElo "2306"]
[Annotator "NA"]
[PlyCount "105"]
[EventDate "2022.03.25"]
[EventType "swiss"]
[EventCountry "TUR"]
[SourceTitle "playchess.com"]
[Source "ChessBase"]
[SourceQuality "1"]

1. e4 e5 2. Nf3 Nc6 3. Bc4 Nf6 4. d3 Bc5 5. c3 d6 6. Nbd2 a6 7. a4 Ba7 8. h3 O-O 9. g4 Be6 10. Qe2 d5 11. Bb3 dxe4 12. dxe4 Qd7 13. Bc2 a5 14. Nc4 Bxc4 15. Qxc4 Ne8 16. Bg5 Nd6 17. Qd5 Kh8 18. Bh4 f6 19. Bg3 Ne7 20. Qd3 Qe6 21. Nd2 Rad8 22. Bb3 Qc8 23. Qf3 Ng6 24. h4 Rfe8 25. h5 Nf4 26. Bxf4 exf4 27. O-O-O h6 28. Qxf4 Re5 29. Rhe1 Rde8 30. Bc2 R5e7 31. Qg3 Nf7 32. f4 Kg8 33. Nc4 Nd6 34. Nxd6 cxd6 35. Rxd6 Bb8 36. Rd5 Qc7 37. Rf5 b6 38. Qe3 Qc6 39. Rd1 Kh8 40. Rdd5 Bc7 41. Qd4 Qe6 42. Bd3 Qc8 43. e5 fxe5 44. fxe5 Kg8 45. Qe4 Rf8 46. Bc4 Kh8 47. Rxf8+ Qxf8 48. Bd3 g5 49. hxg6 Kg7 50. Qd4 Qf3 51. Kc2 Qg2+ 52. Kb3 Qf3 53. Bf5 1-0

[Event "Turkish Cup 2022"]
[Site "Sakarya"]
[Date "2022.03.31"]
[Round "10.6"]
[White "Gunduz, Umut Erdem"]
[Black "Zor, Alber Kadir"]
[Result "1-0"]
[WhiteElo "2258"]
[BlackElo "2147"]
[Annotator "NA"]
[PlyCount "43"]
[EventDate "2022.03.25"]
[EventType "swiss"]
[EventCountry "TUR"]
[SourceTitle "playchess.com"]
[Source "ChessBase"]
[SourceQuality "1"]

1. e4 e5 2. Nf3 Nc6 3. Bc4 Nf6 4. d3 h6 5. c3 Bc5 6. Nbd2 O-O 7. h3 a5 8. g4 d6 9. g5 hxg5 10. Nxg5 Ne7 11. Qf3 c6 12. Rg1 d5 13. Bb3 Ng6 14. Nf1 Qd6 15. Ng3 Rd8 16. Nh5 Nxh5 17. Qxf7+ Kh8 18. Qf3 Kg8 19. Qxh5 a4 20. Bd1 dxe4 21. Nxe4 Qxd3 22. Nxc5 1-0

[Event "Turkish Cup 2022"]
[Site "Sakarya"]
[Date "2022.03.31"]
[Round "10.7"]
[White "Sevgi, Volkan"]
[Black "Korkmaz, Necmettin"]
[Result "1-0"]
[WhiteElo "2344"]
[BlackElo "2076"]
[Annotator "NA"]
[PlyCount "73"]
[EventDate "2022.03.25"]
[EventType "swiss"]
[EventCountry "TUR"]
[SourceTitle "playchess.com"]
[Source "ChessBase"]
[SourceQuality "1"]

1. e4 e6 2. d4 d5 3. Nd2 c5 4. Ngf3 cxd4 5. Nxd4 Nc6 6. Bb5 Bd7 7. Nxc6 bxc6 8. Bd3 Qc7 9. Qe2 Ne7 10. Nf3 Ng6 11. e5 c5 12. c3 c4 13. Bc2 Be7 14. h4 h5 15. Bxg6 fxg6 16. Qc2 O-O 17. Qxg6 Rxf3 18. gxf3 Qxe5+ 19. Be3 Rf8 20. O-O-O Be8 21. Qg3 Qf5 22. Qh3 Bg6 23. Qxf5 Bxf5 24. b4 cxb3 25. axb3 Ba3+ 26. Kd2 Rb8 27. b4 a5 28. bxa5 Rb2+ 29. Ke1 Ra2 30. a6 Bb2 31. a7 Bxc3+ 32. Kf1 Bc2 33. Rc1 Bd3+ 34. Kg2 d4 35. Rhd1 dxe3 36. Rxc3 e2 37. Re1 1-0

[Event "Turkish Cup 2022"]
[Site "Sakarya"]
[Date "2022.03.31"]
[Round "10.8"]
[White "Kirilmaz, Emre"]
[Black "Akin, Kadir"]
[Result "1-0"]
[WhiteElo "2229"]
[BlackElo "1964"]
[Annotator "NA"]
[PlyCount "111"]
[EventDate "2022.03.25"]
[EventType "swiss"]
[EventCountry "TUR"]
[SourceTitle "playchess.com"]
[Source "ChessBase"]
[SourceQuality "1"]

1. d4 d5 2. c3 Nf6 3. Bg5 Ne4 4. Bf4 c5 5. e3 Qb6 6. Qb3 c4 7. Qc2 Bf5 8. Qc1 Nd7 9. f3 Nef6 10. g4 Bg6 11. h4 h6 12. Be2 e6 13. Nd2 Bd6 14. Bxd6 Qxd6 15. f4 Ne4 16. Nxe4 Bxe4 17. Nf3 b5 18. O-O Qe7 19. Qe1 Rb8 20. a3 h5 21. gxh5 Rxh5 22. Ng5 Rh6 23. Qg3 Nf6 24. f5 Rb6 25. fxe6 fxe6 26. Rf4 Bf5 27. Bf3 Kd7 28. Rf1 Bd3 29. Rf2 Rd6 30. Bg4 Kc6 31. Nf3 Kb6 32. Ng5 Rg6 33. Kh2 Ka5 34. Qh3 e5 35. dxe5 Qxe5 36. Qg3 Qe7 37. Rg2 Rd8 38. Qf2 Rh8 39. Kg1 Re8 40. Rg3 Rh8 41. Bf3 Re8 42. Bg2 Qc7 43. Bf3 Qe7 44. Bg2 Qc7 45. b4+ cxb3 46. Rb4 Qxc3 47. e4 Re7 48. e5 Qa1+ 49. Kh2 Qxe5 50. Qd2 Rh6 51. Re4+ Kb6 52. Rxe5 Rxh4+ 53. Kg1 Rxe5 54. Rxd3 b2 55. Qxb2 Rxg5 56. Qf2+ 1-0

[Event "Turkish Cup 2022"]
[Site "Sakarya"]
[Date "2022.03.31"]
[Round "10.9"]
[White "Gulsoy, Mustafa Alpago"]
[Black "Kilic, Efe Mert"]
[Result "0-1"]
[WhiteElo "2023"]
[BlackElo "2220"]
[Annotator "NA"]
[PlyCount "88"]
[EventDate "2022.03.25"]
[EventType "swiss"]
[EventCountry "TUR"]
[SourceTitle "playchess.com"]
[Source "ChessBase"]
[SourceQuality "1"]

1. e4 e5 2. Nf3 Nc6 3. Bb5 a6 4. Ba4 Nf6 5. O-O b5 6. Bb3 Be7 7. d3 O-O 8. c3 d6 9. Nbd2 h6 10. Re1 Re8 11. d4 Bf8 12. Nf1 exd4 13. cxd4 Bg4 14. Ng3 Bxf3 15. gxf3 Na5 16. Bc2 c5 17. d5 g6 18. f4 Bg7 19. f5 g5 20. h4 g4 21. f3 Nh7 22. Kg2 gxf3+ 23. Qxf3 Kh8 24. Kh3 Nc4 25. Nh5 Bd4 26. Bxh6 Rg8 27. Bf4 f6 28. Rad1 Ra7 29. b3 Ng5+ 30. hxg5 fxg5 31. Rxd4 cxd4 32. bxc4 Rh7 33. Be5+ dxe5 34. Qg4 bxc4 35. Kg2 d3 36. Ba4 c3 37. Rh1 c2 38. Qf3 Qa5 39. Qxd3 Qxa4 40. Kf3 g4+ 41. Kg2 c1=Q 42. Rxc1 Rxh5 43. d6 Qxa2+ 44. Rc2 Qb1 0-1

[Event "Turkish Cup 2022"]
[Site "Sakarya"]
[Date "2022.03.31"]
[Round "10.10"]
[White "Temizer, Umut"]
[Black "Gulbeyaz, Emir"]
[Result "0-1"]
[WhiteElo "1972"]
[BlackElo "2218"]
[Annotator "NA"]
[PlyCount "94"]
[EventDate "2022.03.25"]
[EventType "swiss"]
[EventCountry "TUR"]
[SourceTitle "playchess.com"]
[Source "ChessBase"]
[SourceQuality "1"]

1. e4 g6 2. d4 Bg7 3. Nf3 d6 4. Bd3 Nf6 5. O-O O-O 6. c3 Nc6 7. d5 Nb8 8. h3 e6 9. dxe6 Bxe6 10. Nd4 Bd7 11. f4 Re8 12. Qf3 c5 13. Ne2 Bc6 14. Ng3 Nbd7 15. c4 Nf8 16. Nc3 N6d7 17. Nd5 Ne6 18. Kh2 Nd4 19. Qf2 a6 20. Bd2 b5 21. Rae1 Bxd5 22. cxd5 Qc7 23. Bb1 Nb6 24. b3 a5 25. Ne2 Nxe2 26. Rxe2 c4 27. Be3 Rab8 28. a4 cxb3 29. Rc1 Qb7 30. axb5 Nd7 31. Rc6 Qxb5 32. Rxd6 a4 33. Rd2 a3 34. Bd3 Qb7 35. Ra6 Ra8 36. Rxa8 Rxa8 37. Bd4 Bxd4 38. Qxd4 a2 39. Qa1 Nc5 40. Bc4 Qb4 41. d6 Qxc4 42. d7 Nxd7 43. Rxd7 b2 44. Qxb2 a1=Q 45. Rd8+ Rxd8 46. Qxa1 Qxe4 47. Qf6 Rd4 0-1

[Event "Turkish Cup 2022"]
[Site "Sakarya"]
[Date "2022.03.31"]
[Round "10.11"]
[White "Ozdemir, Serhan Berat"]
[Black "Baltaci, Ismail Tarik"]
[Result "0-1"]
[WhiteElo "2185"]
[BlackElo "2033"]
[Annotator "NA"]
[PlyCount "116"]
[EventDate "2022.03.25"]
[EventType "swiss"]
[EventCountry "TUR"]
[SourceTitle "playchess.com"]
[Source "ChessBase"]
[SourceQuality "1"]

1. e4 c5 2. Nf3 d6 3. d4 cxd4 4. Nxd4 Nf6 5. Nc3 a6 6. f3 e5 7. Nb3 Be7 8. Be3 Be6 9. Qd2 h5 10. Nd5 Bxd5 11. exd5 Nbd7 12. c4 a5 13. Be2 a4 14. Nc1 e4 15. f4 Ng4 16. Bxg4 hxg4 17. Ne2 Bh4+ 18. g3 Bf6 19. Rd1 Qc7 20. Qb4 Qa5 21. Bd2 Qc5 22. Bc3 Qxb4 23. Bxb4 Nc5 24. Bxc5 dxc5 25. Rd2 Ra6 26. Kd1 Rb6 27. Kc1 Rb4 28. Rc2 Kd7 29. Kb1 Rh6 30. Nc1 Bd4 31. a3 Rbb6 32. Re1 f5 33. Rd1 Rh3 34. Rdd2 Rbh6 35. Rg2 Kd6 36. Ka2 Rh8 37. Ne2 b5 38. cxb5 Kxd5 39. b3 axb3+ 40. Kxb3 e3 41. Nc3+ Bxc3 42. Kxc3 Ke4 43. Kc4 Kf3 44. a4 Re8 45. Rge2 Re4+ 46. Kxc5 Rxa4 47. b6 Rh8 48. Kd6 Rb4 49. Kc5 Rb1 50. Kd4 Re8 51. Ra2 Rxb6 52. Re1 e2 53. Raa1 Rd6+ 54. Kc5 Rd2 55. Kb4 Red8 56. Kc3 Rd1 57. Kc2 Rxe1 58. Rxe1 Kf2 0-1

[Event "Turkish Cup 2022"]
[Site "Sakarya"]
[Date "2022.03.31"]
[Round "10.12"]
[White "Bacak, Muhammed Kaan"]
[Black "Maruflu, Enes Yusuf"]
[Result "1-0"]
[WhiteElo "2155"]
[BlackElo "1945"]
[Annotator "NA"]
[PlyCount "107"]
[EventDate "2022.03.25"]
[EventType "swiss"]
[EventCountry "TUR"]
[SourceTitle "playchess.com"]
[Source "ChessBase"]
[SourceQuality "1"]

1. Nf3 d5 2. g3 Nf6 3. Bg2 c6 4. c4 Bf5 5. cxd5 cxd5 6. Qb3 Qc8 7. Nc3 e6 8. d3 Nc6 9. O-O Be7 10. Bf4 O-O 11. Nb5 Qd7 12. Rac1 Rac8 13. Ne5 Nxe5 14. Bxe5 a6 15. Na7 Rc5 16. d4 Rxc1 17. Rxc1 Ne8 18. Nc8 Bd8 19. Nb6 Bxb6 20. Qxb6 f6 21. Bf4 g5 22. Bb8 Ng7 23. Bd6 Rc8 24. Rxc8+ Qxc8 25. Bc5 Qd7 26. b3 Kf7 27. f3 Ne8 28. e4 Bg6 29. Ba3 Kg7 30. Bh3 Bf7 31. Qc5 Qc7 32. exd5 exd5 33. Bf5 Qxc5 34. dxc5 Bg6 35. Bc8 Bb1 36. Bxb7 a5 37. Bxd5 Bxa2 38. Bc6 Nc7 39. Ba4 Kf7 40. Bc1 Ne6 41. Be3 Ke7 42. c6 Kd6 43. Bb6 Bb1 44. Bxa5 Bf5 45. g4 Bd3 46. b4 Nd4 47. c7 Ba6 48. b5 Bc8 49. Kf2 Kc5 50. b6 f5 51. Bd7 Bb7 52. c8=Q+ Bxc8 53. Bxc8 Nc6 54. b7 1-0

[Event "Turkish Cup 2022"]
[Site "Sakarya"]
[Date "2022.03.31"]
[Round "10.13"]
[White "Daghan, Devran"]
[Black "Guven, Oguz Kagan"]
[Result "0-1"]
[WhiteElo "1985"]
[BlackElo "2157"]
[Annotator "NA"]
[PlyCount "61"]
[EventDate "2022.03.25"]
[EventType "swiss"]
[EventCountry "TUR"]
[SourceTitle "playchess.com"]
[Source "ChessBase"]
[SourceQuality "1"]

1. e4 d6 2. d4 Nf6 3. Bd3 e5 4. Nf3 Nc6 5. d5 Ne7 6. c4 Ng6 7. h3 Be7 8. Nc3 O-O 9. Be3 c5 10. Qc2 a6 11. g3 Bd7 12. Nd2 Nh5 13. Qd1 Nhf4 14. Bf1 b5 15. h4 b4 16. Ncb1 h5 17. Nb3 f5 18. gxf4 exf4 19. e5 fxe3 20. e6 exf2+ 21. Kd2 Be8 22. Qxh5 Ne5 23. Qe2 Bxh4 24. Kc2 f4 25. N1d2 Bg6+ 26. Kc1 f3 27. Qe3 Ng4 28. Qd3 Bxd3 29. Bxd3 Qg5 30. Kc2 Ne3+ 31. Kb1 0-1

[Event "Turkish Cup 2022"]
[Site "Sakarya"]
[Date "2022.03.31"]
[Round "10.14"]
[White "Ozcan, Ilker"]
[Black "Kul, Ozdemir Efe"]
[Result "1/2-1/2"]
[WhiteElo "2014"]
[BlackElo "2042"]
[Annotator "NA"]
[PlyCount "50"]
[EventDate "2022.03.25"]
[EventType "swiss"]
[EventCountry "TUR"]
[SourceTitle "playchess.com"]
[Source "ChessBase"]
[SourceQuality "1"]

1. c4 Nf6 2. Nc3 g6 3. e4 d6 4. g3 Bg7 5. Bg2 c5 6. Nge2 Nc6 7. d3 Rb8 8. a4 O-O 9. O-O a6 10. h3 Ne8 11. Be3 Nc7 12. d4 cxd4 13. Nxd4 Ne6 14. Nde2 Bd7 15. Rb1 Na5 16. b3 b5 17. cxb5 axb5 18. axb5 Bxb5 19. Re1 Bc6 20. Nd5 Rb7 21. Qc2 Bb5 22. Nec3 Bd7 23. Red1 Nc6 24. Ne2 Qb8 25. b4 Re8 1/2-1/2

[Event "Turkish Cup 2022"]
[Site "Sakarya"]
[Date "2022.03.31"]
[Round "10.15"]
[White "Isik, Alparslan"]
[Black "Kuru, Atilla"]
[Result "1-0"]
[WhiteElo "2328"]
[BlackElo "1674"]
[Annotator "NA"]
[PlyCount "121"]
[EventDate "2022.03.25"]
[EventType "swiss"]
[EventCountry "TUR"]
[SourceTitle "playchess.com"]
[Source "ChessBase"]
[SourceQuality "1"]

1. Nf3 c5 2. c4 Nc6 3. Nc3 g6 4. g3 Bg7 5. Bg2 Nf6 6. d4 cxd4 7. Nxd4 O-O 8. O-O Nxd4 9. Qxd4 d6 10. Rd1 Qa5 11. Qh4 Rb8 12. Nd5 Nxd5 13. cxd5 Re8 14. Bg5 Qb6 15. Qa4 Bf5 16. e4 Bg4 17. Rd2 Qa6 18. Qxa6 bxa6 19. h3 Bd7 20. Rc1 h6 21. Be3 Rec8 22. Rxc8+ Bxc8 23. b3 Rb7 24. Rc2 Bd7 25. Bf1 a5 26. Ba6 Rb4 27. Rc7 Bxh3 28. f3 a4 29. Bc4 axb3 30. axb3 Be5 31. Kh2 Bf1 32. Bxf1 Rxb3 33. Bf4 Bxf4 34. gxf4 Rxf3 35. Bg2 Rxf4 36. Rxe7 Rf6 37. Rxa7 h5 38. Ra6 Kg7 39. Kg1 h4 40. e5 dxe5 41. d6 h3 42. Bxh3 e4 43. d7 Rxa6 44. d8=Q f5 45. Bf1 Ra2 46. Bc4 Rc2 47. Bb3 Re2 48. Kf1 Rh2 49. Qc7+ Kf6 50. Qxh2 e3 51. Qh4+ Ke5 52. Ke2 f4 53. Qe7+ Kd4 54. Qd6+ Kc3 55. Qd3+ Kb2 56. Bd5 f3+ 57. Kxe3 f2 58. Kxf2 g5 59. Qb3+ Kc1 60. Be4 Kd2 61. Qc2# 1-0

[Event "Turkish Cup 2022"]
[Site "Sakarya"]
[Date "2022.03.31"]
[Round "10.16"]
[White "Tarhan, Adar"]
[Black "Hatirli, Ugur Can"]
[Result "1-0"]
[WhiteElo "2125"]
[BlackElo "1818"]
[Annotator "NA"]
[PlyCount "115"]
[EventDate "2022.03.25"]
[EventType "swiss"]
[EventCountry "TUR"]
[SourceTitle "playchess.com"]
[Source "ChessBase"]
[SourceQuality "1"]

1. e4 e6 2. d4 d5 3. Nd2 Be7 4. c3 c5 5. dxc5 Nf6 6. exd5 Qxd5 7. Ngf3 Nbd7 8. b4 a5 9. Bc4 Qh5 10. O-O O-O 11. Re1 Rd8 12. Qc2 Ng4 13. Nf1 Nde5 14. Nxe5 Nxe5 15. Ng3 Qg6 16. Qxg6 Nxg6 17. Bb2 Bd7 18. Rad1 Ba4 19. Bb3 Bc6 20. a3 Nf4 21. f3 Nd3 22. Re2 Bf6 23. Nh5 Bg5 24. Bc4 Nxb2 25. Rxd8+ Rxd8 26. Rxb2 Bc1 27. Ra2 Bd2 28. Ng3 Bxc3 29. b5 Be8 30. Ne4 Be5 31. g3 Kf8 32. Kf2 Ke7 33. Ke2 Rd4 34. Bd3 f5 35. Nd2 Rd5 36. a4 Bc3 37. Nb3 Bb4 38. Rc2 Bh5 39. Ke3 Bxf3 40. Nd4 Bd1 41. c6 Bxc2 42. cxb7 f4+ 43. gxf4 Bd6 44. Nc6+ Kf7 45. Bxc2 Rc5 46. Bd3 Rc3 47. b8=Q Bxb8 48. Nxb8 Ke7 49. Nc6+ Kd7 50. Nxa5 Ra3 51. Nc4 Ra1 52. a5 Kc7 53. Be4 Rc1 54. Kd4 h5 55. b6+ Kb8 56. a6 e5+ 57. Nxe5 Rd1+ 58. Nd3 1-0

[Event "Turkish Cup 2022"]
[Site "Sakarya"]
[Date "2022.03.31"]
[Round "10.17"]
[White "Isilak, Enes"]
[Black "Gok, Emre"]
[Result "1-0"]
[WhiteElo "2125"]
[BlackElo "1745"]
[Annotator "NA"]
[PlyCount "82"]
[EventDate "2022.03.25"]
[EventType "swiss"]
[EventCountry "TUR"]
[SourceTitle "playchess.com"]
[Source "ChessBase"]
[SourceQuality "1"]

1. d4 d5 2. c4 e6 3. Nf3 c6 4. Qc2 f5 5. e3 Nf6 6. Bd3 Bd6 7. O-O O-O 8. b3 Qe7 9. Bb2 Ne4 10. Nc3 Nd7 11. Ne2 Rf6 12. Ne5 Rh6 13. g3 Qe8 14. f3 Ng5 15. h4 Nf7 16. Nxf7 Qxf7 17. e4 Bxg3 18. Nxg3 f4 19. Nh1 Rxh4 20. Rf2 Qh5 21. Rh2 Rxh2 22. Qxh2 Qxf3 23. Nf2 Nf6 24. e5 Nh5 25. Qh3 Qxh3 26. Nxh3 Bd7 27. Rf1 Rf8 28. Ba3 Ra8 29. Nxf4 Nxf4 30. Rxf4 a5 31. Bd6 a4 32. Kf2 axb3 33. axb3 g6 34. Ke3 Kg7 35. Rf6 Rc8 36. Be2 Re8 37. Bg4 h5 38. Be2 Ra8 39. Bd3 Be8 40. Rxe6 Bf7 41. Re7 Re8 1-0

[Event "Turkish Cup 2022"]
[Site "Sakarya"]
[Date "2022.03.31"]
[Round "10.18"]
[White "Caputcuoglu, Zeki Berke"]
[Black "Colak, Tugay"]
[Result "1-0"]
[WhiteElo "2095"]
[BlackElo "1701"]
[Annotator "NA"]
[PlyCount "103"]
[EventDate "2022.03.25"]
[EventType "swiss"]
[EventCountry "TUR"]
[SourceTitle "playchess.com"]
[Source "ChessBase"]
[SourceQuality "1"]

1. e4 c5 2. Nc3 Nc6 3. Nf3 d6 4. d4 cxd4 5. Nxd4 Nf6 6. f3 a6 7. Be3 Nxd4 8. Qxd4 e5 9. Qd2 Be6 10. O-O-O h5 11. Nd5 Nxd5 12. exd5 Bf5 13. f4 Rc8 14. Bd3 e4 15. Be2 Be7 16. Kb1 Bf6 17. h3 h4 18. Bg4 Qd7 19. Qe2 O-O 20. Bxf5 Qxf5 21. Qg4 g6 22. g3 Qxg4 23. hxg4 hxg3 24. Rdg1 Bg7 25. Rxg3 f6 26. f5 Kf7 27. g5 gxf5 28. g6+ Ke8 29. Rh5 Rc7 30. Rxf5 Rh8 31. c3 Re7 32. Bd4 Rh1+ 33. Kc2 Rh2+ 34. Kb3 e3 35. Bxe3 Re5 36. Rff3 Rxd5 37. a4 b5 38. a5 Rd1 39. Bd4 Rb1 40. Rf2 Rxf2 41. Bxf2 Rf1 42. Bd4 Rf5 43. Kc2 Kd7 44. Kd3 Kc6 45. b4 Rf1 46. Rh3 Kd5 47. Rh7 Bf8 48. g7 Bxg7 49. Rxg7 f5 50. Ra7 f4 51. Rxa6 f3 52. Rb6 1-0

[Event "Turkish Cup 2022"]
[Site "Sakarya"]
[Date "2022.03.31"]
[Round "10.19"]
[White "Durucay, Uygar"]
[Black "Gulden, Egemen"]
[Result "1/2-1/2"]
[WhiteElo "1700"]
[BlackElo "2094"]
[Annotator "NA"]
[PlyCount "86"]
[EventDate "2022.03.25"]
[EventType "swiss"]
[EventCountry "TUR"]
[SourceTitle "playchess.com"]
[Source "ChessBase"]
[SourceQuality "1"]

1. d4 d6 2. c4 e5 3. Nc3 Nd7 4. Nf3 Ngf6 5. g3 c6 6. Bg2 Be7 7. O-O O-O 8. e4 Qc7 9. h3 a6 10. Be3 b5 11. dxe5 dxe5 12. Qc2 b4 13. Na4 c5 14. b3 Bb7 15. Nd2 Rfe8 16. Rfd1 Nf8 17. Nb2 Ne6 18. Nd3 Red8 19. f3 Nh5 20. Nf1 Bg5 21. Qf2 Bxe3 22. Nxe3 Nd4 23. Nd5 Qd6 24. Re1 a5 25. f4 f6 26. Bf3 g6 27. Bxh5 gxh5 28. Rf1 Rf8 29. fxe5 fxe5 30. Qe3 Kh8 31. Rac1 Rae8 32. Kg2 h6 33. Rxf8+ Rxf8 34. Rf1 Rxf1 35. Kxf1 Bc8 36. Kg2 Qe6 37. Kg1 Kg7 38. Qf2 Qd6 39. Qf1 Qg6 40. Kh2 Qd6 41. Qd1 Qg6 42. Qf1 Qd6 43. Qd1 Qg6 1/2-1/2

[Event "Turkish Cup 2022"]
[Site "Sakarya"]
[Date "2022.03.31"]
[Round "10.20"]
[White "Sakmak, Kutay"]
[Black "Koc, Ilkay"]
[Result "1-0"]
[WhiteElo "1718"]
[BlackElo "1995"]
[Annotator "NA"]
[PlyCount "59"]
[EventDate "2022.03.25"]
[EventType "swiss"]
[EventCountry "TUR"]
[SourceTitle "playchess.com"]
[Source "ChessBase"]
[SourceQuality "1"]

1. e4 c5 2. Nf3 d6 3. d4 cxd4 4. Nxd4 Nf6 5. Nc3 a6 6. Bg5 e6 7. f4 h6 8. Bh4 Qb6 9. Qd3 Qxb2 10. Rb1 Qa3 11. f5 Nbd7 12. fxe6 fxe6 13. Nxe6 Ne5 14. Nc7+ Kf7 15. Qd4 Rb8 16. Bxf6 gxf6 17. Be2 Kg6 18. N3d5 Qa5+ 19. c3 Bg7 20. O-O Rf8 21. Bh5+ Kh7 22. Ne8 Be6 23. Ndxf6+ Bxf6 24. Nxf6+ Kg7 25. Qxd6 Bf7 26. Rf5 Qxa2 27. Rbf1 Qe6 28. Qxe5 Qxe5 29. Rxe5 Rbc8 30. Re7 1-0

[Event "Turkish Cup 2022"]
[Site "Sakarya"]
[Date "2022.03.31"]
[Round "10.21"]
[White "Ibik, Halit Yavuz"]
[Black "Atayman, Evren"]
[Result "0-1"]
[WhiteElo "1996"]
[BlackElo "1662"]
[Annotator "NA"]
[PlyCount "80"]
[EventDate "2022.03.25"]
[EventType "swiss"]
[EventCountry "TUR"]
[SourceTitle "playchess.com"]
[Source "ChessBase"]
[SourceQuality "1"]

1. e4 c5 2. Nf3 d6 3. d4 cxd4 4. Nxd4 Nf6 5. Nc3 a6 6. Be3 e6 7. f3 Qc7 8. Qd2 Nbd7 9. g4 Nb6 10. O-O-O h6 11. Qf2 Nc4 12. h4 Nxe3 13. Qxe3 b5 14. Bh3 b4 15. Nce2 e5 16. Nf5 g6 17. Nfg3 Be6 18. Kb1 Rc8 19. Qd2 d5 20. g5 Bxh3 21. gxf6 Bg2 22. Rhg1 Bxf3 23. Qxd5 Bc5 24. Rgf1 Bg4 25. Rde1 Be6 26. Qd2 a5 27. Nc1 Rd8 28. Nd3 a4 29. h5 g5 30. Nf5 Bf8 31. Qe3 Rg8 32. Qg3 b3 33. cxb3 axb3 34. Rc1 Qa5 35. a3 Bxa3 36. Ng7+ Rxg7 37. fxg7 f6 38. bxa3 Qxa3 39. Qf2 b2 40. Rc7 Qa2+ 0-1